000 01540nam0a2200325 4500
001 RU\NLR\BIBL_A\012178771
005 20260406232828.0
035 _a(NLR Aleph) 012178771
090 _a12272631
_c12272631
100 _a20190610d1898 |||y0rusy50 ca
101 0 _arus
102 _aRU
105 _ay z 000 y
200 1 _aРаскладка земских сборов по Туркестанскому краю на 1899 год
210 _a[Санкт-Петербург]
_cТипография П.П. Сойкина
_d[1898]
215 _a23 с.
_d34
300 _aВ конце текста: Подписал: И. д. Генерал-Губернатора, Генерал-Лейтенант Иванов; Скрепил: И. д. Управляющего Канцелярией (подпись)
309 _aБез тит. л. и обл.
606 1 _aПовинности земские
_jДокументы и материалы
_yТуркестанский край
_92415155
_3RU\NLR\AUTH\6601657638
686 3 _aУ26(28)187.45,011
702 1 _4720
_7ca
_8rus
_aИванов
_bН. А.
_cгос. и воен. деятель
_f1842-1904
_gНиколай Александрович
_9223909
_3RU\NLR\AUTH\770223965
710 0 2 _aТуркестанский генерал-губернатор
_3RU\NLR\AUTH\889985905
_9467448
852 _aNLR
_j135/294-339 (4)
942 _cBOOK
980 _aNB